Statistiche per Cultura Generale #1

Clicka qui per fare il quiz!

Statistiche generali

  • Questo quiz è stato fatto 181 volte
  • Il punteggio medio è 16 su 20

Statistiche sulle risposte

DomandaRisposta% Corretto
Qual è la lingua più parlata al mondo?Cinese mandarino
99%
In quale città italiana si trova “Piazza di Spagna”?Roma
98%
Quale animale è presente nel logo della Ferrari?Cavallo
95%
Quando è finita la Seconda Guerra Mondiale?1945
94%
Qual è il pianeta più grande del sistema solare?Giove
94%
Chi ha scritto “L’Odissea”?Omero
93%
In che anno Cristoforo Colombo scoprì l’America?1492
92%
In che anno è iniziata la demolizione del muro di Berlino?1989
91%
Quante note ci sono in una scala musicale?7
91%
Qual è la montagna più alta del mondo?Everest
89%
In quale anno l’Italia è diventata una Repubblica?1946
87%
In quale città finisce ogni anno il Tour de France?Parigi
87%
Chi ha dipinto “La notte stellata”?Vincent van Gogh
85%
Quale fiume attraversa Firenze?Arno
83%
Qual è la capitale di Malta?La Valletta
81%
In quale capitale si trova la statua della Sirenetta?Copenaghen
65%
Da quale cereale viene prodotta la bevanda alcolica giapponese “Sake”?Riso
51%
Quanti tasti ci sono in un pianoforte?88
47%
Chi è il regista del film “2001: Odissea nello spazio”?Stanley Kubrick
47%
Chi è l’inventore del telefono?Antonio Meucci
45%

Distribuzione punteggi

Percentile per numero di risposta

Percentuale di utenti per punteggio

I tuoi punteggi nel tempo

Non hai fatto questo quiz